| 000 | 00742nam a2200205 a 4500 | ||
|---|---|---|---|
| 005 | 20210223121857.0 | ||
| 008 | 991125s1999 mx 000 0 spa u | ||
| 035 | _aUPN01000025263 | ||
| 049 | _aAV | ||
| 099 | _aPVI N 0788 | ||
| 100 | 1 | _aHinton, David | |
| 245 | 1 | 0 |
_aFrancis Bacon / _cproducido y dir. por David Hinton. |
| 260 |
_aMéxico : _bCanal 22 : _bCNCA, _c1999. |
||
| 300 |
_a1 videocasete (VHS) (55 min.) : _bson., col |
||
| 440 | 0 | _aArtes visuales | |
| 520 | _aEste programa aborda al pintor Francis Bacon en su vida y obra. Busca ser un retrato personal de su trabajo y de sus preocupaciones artÃsticas | ||
| 600 | 1 | 4 |
_aBACON, FRANCIS, _d1909-1992 _97426 |
| 650 | 4 |
_aPINTORES BRITANICOS - _vBIOGRAFIA |
|
| 905 | _aAudiovisuales | ||
| 999 |
_c25263 _d25263 |
||